000 ncm a22 a 4500
999 _c366871
_d366871
003 BLK
005 20200609083006.0
008 200609b bu ||||| |||| 00| 0 bu d
040 _aBLK
041 _aRUS
_cRUS
080 _aМузика за духови инструменти
_b788
_z788
080 _aМузика за пиано
_b786.2
_z786.2
139 _aПьесы. Для тромбона и фортепиано
_bП 51
245 _aПьесы
_bДля тромбона и фортепиано
_cСъстав. Б. Григорьев
260 _9402764
_aМосква
_bМузыка
_c1975
300 _a47 с.
_c30 см
_e1 щим. (12 с.)
380 _a7
650 0 _9403607
_aДуо - тромбон и пиано
653 7 _9198691
_aтромбони
653 7 _9188624
_aклавирен съпровод
700 _91478
_aГригорьев, Б.
_eсъстав.
852 _aЦб М ІІ 7282
942 _cNOT
_n0
_s1
944 _aCR
_c2020-06-09
_kМоника Янева
_l2020-06-09